World Bank High-Income Economy Countries – Sudden Death - Statistics

General Stats
  • This quiz has been taken 131 times
  • The average score is 22 of 65
Answers on the Grid
Answers color-coded by a green-red scale on the quiz's grid according to % correct below.
Albania
Andorra
Antigua and Barbuda
Argentina
Australia
Austria
Austria
Azerbaijan
Bahamas
Bahrain
Barbados
Belarus
Belgium
Belize
Bosnia and Herzegovina
Botswana
Brunei
Bulgaria
Canada
Cape Verde
Chile
China
Costa Rica
Croatia
Cyprus
Czech Republic
Denmark
Dominica
Estonia
Fiji
Finland
France
Georgia
Germany
Greece
Guyana
Hungary
Iceland
Ireland
Israel
Italy
Japan
Kuwait
Latvia
Liechtenstein
Lithuania
Luxembourg
Malaysia
Maldives
Malta
Mauritius
Mexico
Monaco
Montenegro
Nauru
Netherlands
New Zealand
North Macedonia
Norway
Oman
Palau
Panama
Poland
Portugal
Qatar
Romania
Russia
Saint Kitts and Nevis
Saint Lucia
San Marino
Saudi Arabia
Serbia
Seychelles
Singapore
Slovakia
Slovenia
South Africa
South Korea
Spain
Sweden
Switzerland
Taiwan
Thailand
Trinidad and Tobago
Turkey
Ukraine
United Arab Emirates
United Kingdom
United States
Uruguay
Venezuela
 
Answer Stats
Answer % Correct
Australia
69%
Austria
69%
Belgium
64%
Canada
64%
Denmark
60%
Austria
56%
Italy
56%
Japan
56%
France
53%
Finland
51%
Germany
49%
United Kingdom
49%
Andorra
47%
Bahrain
47%
Ireland
47%
Liechtenstein
47%
Luxembourg
47%
United States
47%
Iceland
44%
Kuwait
44%
Singapore
44%
Switzerland
44%
United Arab Emirates
44%
Israel
42%
South Korea
42%
Spain
42%
Sweden
42%
Netherlands
40%
Malta
38%
Monaco
38%
New Zealand
38%
Saudi Arabia
38%
Czech Republic
36%
Qatar
36%
Estonia
33%
Latvia
33%
Norway
33%
Brunei
31%
Croatia
31%
Portugal
31%
Taiwan
31%
Bahamas
27%
Lithuania
27%
San Marino
27%
Greece
24%
Hungary
24%
Poland
24%
Slovakia
24%
Cyprus
20%
Slovenia
20%
Oman
18%
Chile
16%
Barbados
11%
Romania
11%
Uruguay
11%
Antigua and Barbuda
9%
Panama
7%
Saint Kitts and Nevis
7%
Seychelles
7%
Trinidad and Tobago
7%
Bulgaria
4%
Russia
4%
Guyana
2%
Palau
2%
Nauru
0%
No matching quizzes found
Score Distribution
Percent of People with Each Score
Percentile by Number Answered
Your Score History
You have not taken this quiz